| 000 | 00894cab a2200241 4500 | ||
|---|---|---|---|
| 001 | ABS42003 | ||
| 008 | 090401t xxu||||| |||| 00| 0 eng d | ||
| 035 | _a(Sirsi) u33981 | ||
| 041 | _aeng | ||
| 100 | _aJones, J.V.H. | ||
| 245 | 4 | _aThe arbitration of farm rents | |
| 260 | _c7(4) Winter 1989/90, 185-191(7) | ||
| 350 | _a0 | ||
| 490 |
_aFarm Management _v7(4) Winter 1989/90, 185-191(7) |
||
| 520 | _aExamines the legal basis for fixing farm rents and in particular, the problems of assessing rent in relation to potential profitability of the holding; references are made to the Farm Business Survey . | ||
| 650 | _aAGRICULTURAL HOLDINGS ACT 1986 S12 | ||
| 650 | _aPROPERTY-LANDLORD AND TENANT-TENANCIES-AGRICULTURAL TENANCIES | ||
| 650 | _aASSESSMENTS | ||
| 650 |
_aValuation _96273 |
||
| 690 | _aLANDLORD AND TENANT-AGRICULTURAL TENANCIES | ||
| 942 | _n0 | ||
| 948 | _c04/03/1997 | ||
| 999 |
_c22575 _d22575 |
||